The golden age : (Record no. 18268)

MARC details
000 -LEADER
fixed length control field 00713nam a2200253Ia 4500
001 - CONTROL NUMBER
control field AUWbook002789
003 - CONTROL NUMBER IDENTIFIER
control field BDCtgAUW
005 - DATE AND TIME OF LATEST TRANSACTION
control field 20260406155238.0
008 - FIXED-LENGTH DATA ELEMENTS--GENERAL INFORMATION
fixed length control field 220908s9999 xx 000 0 eng d
040 ## - CATALOGING SOURCE
Original cataloging agency BDCtgAUW
Transcribing agency BDCtgAUW
050 ## - LIBRARY OF CONGRESS CALL NUMBER
Classification number ND2356.C5C56
245 #0 - TITLE STATEMENT
Title The golden age :
Remainder of title cincinnati painters of the nineteenth century represented in the cincinnati art museum /
260 ## - PUBLICATION, DISTRIBUTION, ETC.
Place of publication, distribution, etc. Cincinnati :
Name of publisher, distributor, etc. Cincinnati Art Meseum,
Date of publication, distribution, etc. 1979.
300 ## - PHYSICAL DESCRIPTION
Extent 218 pages.
650 #0 - SUBJECT ADDED ENTRY--TOPICAL TERM
Topical term or geographic name entry element American
General subdivision Ohio.
9 (RLIN) 80355
650 #0 - SUBJECT ADDED ENTRY--TOPICAL TERM
Topical term or geographic name entry element Cincinnati
Chronological subdivision 19th century.
9 (RLIN) 80356
650 #0 - SUBJECT ADDED ENTRY--TOPICAL TERM
Topical term or geographic name entry element Exhibition.
650 #0 - SUBJECT ADDED ENTRY--TOPICAL TERM
Topical term or geographic name entry element Fine arts.
650 #0 - SUBJECT ADDED ENTRY--TOPICAL TERM
Topical term or geographic name entry element Painting.
887 ## - NON-MARC INFORMATION FIELD
Content of non-MARC field BRAC
Source of data 2982
888 ## -
-- 2982
942 ## - ADDED ENTRY ELEMENTS (KOHA)
Koha item type Books
Source of classification or shelving scheme Library of Congress Classification
945 ## - LOCAL PROCESSING INFORMATION (OCLC)
c BK

No items available.